Biblioteca

Las drogas y las bebidas alcohólicas / Steve y Annie Wamberg ; Sandra Leoni, Traductor (Registro nro. 38141)

Detalles MARC
000 -LÍDER
Campo fijo de descripción fija 006880000a22002050004500
020 ## - NÚMERO INTERNACIONAL NORMALIZADO PARA LIBROS
Número Internacional Normalizado del libro 1-55945-664-7
041 0# - CÓDIGO DE IDIOMA
Código de idioma para texto/pista de sonido o título separado
082 04 - NÚMERO DE CLASIFICACIÓN DECIMAL DEWEY
Número de clasificación G 268.433 W243d
001 - NÚMERO DE CONTROL
Campo de control 7941
100 1# - ASIENTO PRINCIPAL--NOMBRE PERSONAL
Nombre personal Wamberg, Steve
245 10 - TÍTULO
Título del Material Las drogas y las bebidas alcohólicas / Steve y Annie Wamberg ; Sandra Leoni, Traductor
260 ## - PUBLICACIÓN, DISTRIBUCIÓN, ETC. (PIE DE IMPRENTA)
Lugar de publicación, distribución, etc. Loveland, CO., USA : Acción
300 ## - DESCRIPCIÓN FÍSICA
Extensión 48 Pag
336 ## - CONTENT TYPE
Content type term texto
Content type code txt
Source rdacontent
337 ## - MEDIA TYPE
Source rdamedia
Media type term sin mediación
Media type code n
338 ## - CARRIER TYPE
Source rdacarrier
Carrier type term volumen
Carrier type code nc
500 ## - NOTA GENERAL
Nota General Título original : Drugs & drinking
505 00 - NOTA DE CONTENIDO
Nota de contenido con formato preestablecido Un curso de cuatro semanas para ayudar a los adolescentes a evitar los peligros de las drogas y las bebidas alcohólicas
942 ## - TIPO DE MATERIAL (KOHA)
Tipo de Item KOHA Libros General
Existencias
Estado de Material Estado de Perdido Estado de Dañado No para Préstamo Colección Tomo Biblioteca de Origen Biblioteca Permanente Fecha de Adquisición Total de Préstamos Signatura Topográfica Código de Barras Última vez visto Ejemplar/Existencia Fecha de Remplazo Tipo de Material Total de Renovaciones Última vez Préstado
        Colección General   Biblioteca FUSBC Biblioteca FUSBC 11/01/2005   G 268.433 W243d 12596 12/12/2019 2 26/01/2016 Libros General    
        Colección General   Biblioteca FUSBC Biblioteca FUSBC 11/01/2005 1 G 268.433 W243d 6586 12/12/2019 1 26/01/2016 Libros General 3 29/06/2016

Biblioteca FUSBC | Teléfono: (57+4) 349 88 10 Ext. 141| WhatsApp (+57) 3005338115 
E-mail: biblioteca@unisbc.edu.co | Calle 76 87-14 Robledo Palenque, Medellín, Colombia

Con tecnología Koha